01286 2200337 4500001002100000005001500021035002000036007000300056008004100059020002200100082001300122084002200135100002400157245016100181250002000342300003700362650002000399700003400419700002600453700003300479700004000512700002800552700003300580520019100613264003800804336002100842337003000863338002300893990001600916990001600932INLIS00000000116419320240806020243 a0010-0824000015ta240806 b 1 ind  a978-602-367-984-3 a899.2213 aSR 899.2213 NAI p0 aNaila Rafifa Syarif1 aPajamas party /cNaila Rafifa Syarif, Aqila Sabita Hakim, Sasikirana, Eugenia Gavinetta, Nabila Siti Nur Fadhilah; penyunting, Rony Amdani, Wiwit Wijiastuti aCetakan I, 2023 a88 halaman :bilustrasi ;c21 cm 4aFiksi Indonesia0 aAqila Sabita Hakimepengarang0 aSasikiranaepengarang0 aEugenia Gavinettaepengarang0 aNabila Siti Nur Fadhilahepengarang0 aRony Amdaniepenyunting0 aWiwit Wijiastutiepenyunting aPajamas party yang harusnya jadi kegiatan seru bareng sahabat, malah jadi kegiatan yang bikin Rina kesal dan bete. Sebenarnya, apa yang menyebabkan pajamas party-nya jadi berantakan, ya? aBandung :bMuffin Graphics,c2023 2rdacontentateks 2rdamediaatanpa perantara 2rdacarrieravolume a53778.66598 a53779.66599